[Event "Quebec op"]
[Site "Montreal CAN"]
[Date "2016.07.24"]
[Round "2.7"]
[White "Huang, Qiuyu"]
[Black "Caire, Francois"]
[Result "0-1"]
[WhiteElo "1964"]
[BlackElo "2161"]
[PlyCount "56"]
[EventDate "2016.07.23"]
[EventType "swiss"]
[EventRounds "8"]
[EventCountry "CAN"]

1. e4 c6 2. d4 d5 3. exd5 cxd5 4. Bd3 Nc6 5. c3 Qc7 6. Ne2 Bg4 7. f3 Bd7 8. Bf4
e5 9. dxe5 Nxe5 10. Bc2 Bc6 11. Bg3 Bd6 12. Nd4 Ne7 13. Nd2 h5 14. Qe2 h4 15.
Bxe5 Bxe5 16. N2b3 O-O-O 17. O-O-O Rhe8 18. Kb1 Bxh2 19. g4 hxg3 20. Rhe1 Ng6
21. Bf5+ Kb8 22. Nxc6+ Qxc6 23. Qd2 Qd6 24. Bxg6 Qxg6+ 25. Ka1 Rxe1 26. Qf4+
Qd6 27. Qxd6+ Rxd6 28. Rxe1 g2 0-1

[Event "Quebec op"]
[Site "Montreal CAN"]
[Date "2016.07.24"]
[Round "2.8"]
[White "Saine, Zachary"]
[Black "Soudre, Nicolas"]
[Result "0-1"]
[WhiteElo "1680"]
[BlackElo "2084"]
[PlyCount "132"]
[EventDate "2016.07.23"]
[EventType "swiss"]
[EventRounds "8"]
[EventCountry "CAN"]

1. e4 e6 2. d4 d5 3. e5 c5 4. c3 Qb6 5. a3 Bd7 6. Nf3 Bb5 7. Bxb5+ Qxb5 8. Qe2
Qxe2+ 9. Kxe2 Nc6 10. b4 cxd4 11. cxd4 f6 12. exf6 gxf6 13. Bf4 Kd7 14. Re1 Bd6
15. Bxd6 Kxd6 16. Kf1 Nge7 17. Nbd2 b6 18. Re2 Rhe8 19. Rae1 Ng6 20. g3 Rac8
21. Nb3 a6 22. Nfd2 e5 23. dxe5+ fxe5 24. Kg1 Re7 25. Rd1 Kc7 26. Nf3 Rd8 27.
h4 e4 28. Nfd4 Nxd4 29. Nxd4 Ne5 30. Kf1 Rf8 31. Rdd2 Kb7 32. b5 Nc4 33. Rd1
axb5 34. Nxb5 Kc6 35. Nc3 Re5 36. Kg1 Rf3 37. Rc2 Nxa3 38. Rcc1 Nc4 39. Nxd5
Rxd5 40. Rxc4+ Kd6 41. Re1 Rd2 42. Rexe4 Rfxf2 43. Red4+ Ke5 44. Rxd2 Rxd2 45.
Rc7 h6 46. Rh7 Rd6 47. Kf2 Kd4 48. h5 b5 49. Rg7 b4 50. Rg6 Ke5 51. Rg8 Rb6 52.
Re8+ Kf5 53. Kf3 b3 54. g4+ Kg5 55. Re5+ Kf6 56. Re1 b2 57. Rb1 Kg5 58. Ke2
Kxg4 59. Kd2 Kxh5 60. Kc2 Kg4 61. Rg1+ Kf3 62. Kb1 h5 63. Rh1 Rb5 64. Rg1 h4
65. Rg8 h3 66. Rf8+ Kg4 0-1

[Event "Quebec op"]
[Site "Montreal CAN"]
[Date "2016.07.24"]
[Round "2.9"]
[White "Innocent, Kanjedzana"]
[Black "Tremblay, Alain"]
[Result "0-1"]
[WhiteElo "1357"]
[BlackElo "2044"]
[PlyCount "124"]
[EventDate "2016.07.23"]
[EventType "swiss"]
[EventRounds "8"]
[EventCountry "CAN"]

1. f4 d5 2. Nf3 Nf6 3. d4 e6 4. e3 c5 5. c3 Be7 6. Bd3 Nc6 7. O-O O-O 8. Nbd2
Ng4 9. Qe1 f5 10. Ne5 Ngxe5 11. dxe5 Bd7 12. Rf3 Be8 13. Rh3 d4 14. exd4 cxd4
15. Bc4 Bf7 16. a3 dxc3 17. bxc3 b5 18. Ba2 Qd7 19. Nf3 Rad8 20. Be3 Na5 21.
Bd4 Rc8 22. Qf2 a6 23. Ng5 Bxg5 24. fxg5 Nc4 25. Bc5 Rfd8 26. Bxc4 bxc4 27. Bd6
Qb5 28. Rd1 Qxe5 29. Rhd3 Qb5 30. Rd4 Qb3 31. Qe3 a5 32. R1d2 Qb1+ 33. Kf2 Qc1
34. Bc7 Rxd4 35. Qxd4 Qxa3 36. Bd6 Qa4 37. Be5 Qc6 38. Bxg7 Qc5 39. Qxc5 Rxc5
40. Bf6 Be8 41. Ke3 e5 42. Rd8 Kf7 43. Ra8 f4+ 44. Kf2 Bd7 45. Ra7 Ke6 46. g3
fxg3+ 47. Kxg3 Rd5 48. Kf3 Rd3+ 49. Ke2 a4 50. Ra6+ Rd6 51. Ra5 Rd5 52. Ra7 Kf5
53. Be7 Rd3 54. Kf2 e4 55. Bc5 Ke6 56. Ra6+ Kf7 57. Rf6+ Kg8 58. Rd6 Rf3+ 59.
Ke1 Bb5 60. Rd8+ Kg7 61. Be7 a3 62. Bf6+ Kg6 {...} 0-1

[Event "Quebec op"]
[Site "Montreal CAN"]
[Date "2016.07.24"]
[Round "2.10"]
[White "Libersan, Thierry"]
[Black "Saha, Ananda"]
[Result "1-0"]
[WhiteElo "2043"]
[BlackElo "1861"]
[PlyCount "119"]
[EventDate "2016.07.23"]
[EventType "swiss"]
[EventRounds "8"]
[EventCountry "CAN"]

1. d4 Nf6 2. c4 e6 3. Nf3 b6 4. g3 Bb7 5. Bg2 Be7 6. Nc3 O-O 7. O-O d5 8. Qa4
Nbd7 9. Rd1 dxc4 10. Qxc4 c5 11. dxc5 Qc7 12. b4 bxc5 13. Bf4 e5 14. Nb5 Qb8
15. Nxe5 Nxe5 16. Bxe5 Qxe5 17. Bxb7 Rab8 18. Bf3 cxb4 19. Nxa7 Qc5 20. Qxc5
Bxc5 21. Nc6 Rb5 22. Rab1 Re8 23. Rb3 g5 24. h3 Ne4 25. Bxe4 Rxe4 26. e3 Rc4
27. Nd8 Rc2 28. a3 Rc3 29. Rdb1 Rxb3 30. Rxb3 Rb6 31. axb4 Be7 32. Rd3 Bxb4 33.
Rb3 Kg7 34. Nc6 Rxc6 35. Rxb4 h5 36. g4 Kg6 37. Kg2 f6 38. Ra4 Rb6 39. Kf3 Rc6
40. Rb4 Ra6 41. gxh5+ Kxh5 42. Kg3 f5 43. Rb5 Kg6 44. h4 gxh4+ 45. Kxh4 Re6 46.
Rb4 Kh6 47. Kg3 Kg6 48. Kf4 Kf6 49. f3 Kg6 50. Rb5 Rf6 51. Re5 Rf7 52. Re6+ Rf6
53. Rxf6+ Kxf6 54. Kg3 Kg5 55. Kg2 Kf6 56. Kf2 Kf7 57. Ke2 Ke6 58. Kd3 Kd7 59.
Kd4 Kd6 60. f4 1-0

[Event "Quebec op"]
[Site "Montreal CAN"]
[Date "2016.07.24"]
[Round "2.11"]
[White "Bolduc, Steve"]
[Black "Keesal, Sheldon"]
[Result "1-0"]
[WhiteElo "2194"]
[BlackElo "2043"]
[PlyCount "77"]
[EventDate "2016.07.23"]
[EventType "swiss"]
[EventRounds "8"]
[EventCountry "CAN"]

1. d4 Nf6 2. Bg5 Ne4 3. Bf4 d5 4. f3 Nf6 5. e4 dxe4 6. Nc3 Nd5 7. Nxd5 Qxd5 8.
Bxc7 Nc6 9. c3 Bf5 10. fxe4 Qxe4+ 11. Qe2 Rc8 12. Qxe4 Bxe4 13. Bg3 g6 14. Nf3
Bh6 15. Be2 O-O 16. O-O Na5 17. Ne5 Be3+ 18. Kh1 h5 19. Rae1 f6 20. Nd7 Rfd8
21. Nc5 Bd5 22. Bd3 b6 23. Rxe3 bxc5 24. dxc5 Nc4 25. Rxe7 f5 26. b4 Bxg2+ 27.
Kxg2 Rxd3 28. Rf3 Rd2+ 29. Kh3 Rxa2 30. Rf2 Ra3 31. Kh4 Rxc3 32. Ra2 a5 33.
bxa5 Rxc5 34. a6 Ra3 35. Rxa3 Nxa3 36. a7 Rc8 37. Bb8 Rc4+ 38. Kg5 Ra4 39. Be5
1-0

[Event "Quebec op"]
[Site "Montreal CAN"]
[Date "2016.07.24"]
[Round "2.12"]
[White "Doubleday, William"]
[Black "Wenaas, Eric"]
[Result "1/2-1/2"]
[WhiteElo "1981"]
[BlackElo "2156"]
[PlyCount "102"]
[EventDate "2016.07.23"]
[EventType "swiss"]
[EventRounds "8"]
[EventCountry "CAN"]

1. d4 d5 2. c4 e6 3. Nc3 Nf6 4. Nf3 Nbd7 5. Bf4 c6 6. e3 Be7 7. Bd3 dxc4 8.
Bxc4 c5 9. O-O O-O 10. Re1 cxd4 11. exd4 Nb6 12. Bb3 Nbd5 13. Be5 Qa5 14. Rc1
Bd7 15. Qd2 Nxc3 16. bxc3 Rac8 17. c4 Bb4 18. Qg5 Bxe1 19. Bxf6 Qxg5 20. Bxg5
Ba5 21. Ne5 Bc6 22. Rd1 f6 23. Nxc6 bxc6 24. Bf4 Rfd8 25. c5 Kf7 26. Bd6 Bc7
27. Re1 Re8 28. f4 Bxd6 29. cxd6 Rcd8 30. f5 Rxd6 31. Bxe6+ Rexe6 32. fxe6+ Ke7
33. Rb1 Kxe6 34. Rb4 f5 35. Ra4 Rd7 36. Kf2 Kd5 37. Ke3 Re7+ 38. Kd3 Rf7 39. g3
g5 40. Ra5+ Kd6 41. Ke3 h6 42. h4 Ke6 43. hxg5 hxg5 44. Re5+ Kd6 45. Ra5 f4+
46. gxf4 gxf4+ 47. Kf3 Ke6 48. Re5+ Kd7 49. Re4 Kd6 50. Rxf4 Rb7 51. Rf5 Rb5
1/2-1/2

[Event "Quebec op"]
[Site "Montreal CAN"]
[Date "2016.07.24"]
[Round "2.13"]
[White "Fillion, Steve"]
[Black "Lopez Linares, Lizandro"]
[Result "0-1"]
[WhiteElo "2136"]
[BlackElo "1984"]
[PlyCount "54"]
[EventDate "2016.07.23"]
[EventType "swiss"]
[EventRounds "8"]
[EventCountry "CAN"]

1. e4 c6 2. d4 d5 3. Nd2 dxe4 4. Nxe4 Nf6 5. Nxf6+ exf6 6. Bc4 Bd6 7. Qe2+ Qe7
8. Qxe7+ Kxe7 9. Ne2 Be6 10. Bd3 Nd7 11. Bf4 Nb6 12. Bxd6+ Kxd6 13. O-O-O Rad8
14. b3 Bg4 15. c4 Bxe2 16. Bxe2 Kc7 17. Kc2 Rhe8 18. Bf3 f5 19. Kc3 Nd7 20.
Rhe1 Nf6 21. Rxe8 Rxe8 22. Kd3 g5 23. g3 g4 24. Bg2 f4 25. gxf4 Nh5 26. Be4
Nxf4+ 27. Ke3 Nh3 0-1

[Event "Quebec op"]
[Site "Montreal CAN"]
[Date "2016.07.24"]
[Round "2.14"]
[White "Vorobev, Alexander"]
[Black "Berube, Antoine"]
[Result "0-1"]
[WhiteElo "1900"]
[BlackElo "2129"]
[PlyCount "100"]
[EventDate "2016.07.23"]
[EventType "swiss"]
[EventRounds "8"]
[EventCountry "CAN"]

1. e4 c5 2. c3 Nf6 3. e5 Nd5 4. d4 cxd4 5. Nf3 Nc6 6. Bc4 Nb6 7. Bb3 d5 8. exd6
Qxd6 9. O-O Be6 10. Qe2 Bxb3 11. axb3 d3 12. Qe4 e6 13. Na3 Qd5 14. Qxd5 Nxd5
15. Nb5 Rc8 16. Rd1 a6 17. Nbd4 Nxd4 18. Nxd4 Be7 19. Rxd3 O-O 20. Be3 Rfd8 21.
Rad1 Nxe3 22. Rxe3 Rd5 23. Re2 Bf6 24. f4 Bxd4+ 25. cxd4 h5 26. Kf2 Kf8 27. Rd3
Ke7 28. h4 Rc6 29. Kf3 Rb6 30. Ke4 Rdb5 31. Ree3 Kd6 32. Kf3 g6 33. Ke4 Rb4 34.
Kf3 R6b5 35. Ke4 a5 36. Rg3 f5+ 37. Ke3 Rxb3 38. Rxg6 Rxd3+ 39. Kxd3 Rxb2 40.
Kc3 Rf2 41. g3 Kd5 42. Rg7 Rf3+ 43. Kb2 Kxd4 44. Rxb7 Rxg3 45. Rh7 Ke4 46. Rxh5
Kxf4 47. Rh8 Rh3 48. h5 e5 49. h6 e4 50. h7 a4 0-1

[Event "Quebec op"]
[Site "Montreal CAN"]
[Date "2016.07.24"]
[Round "2.17"]
[White "Barre, Michel"]
[Black "Fan, Run Kun"]
[Result "1-0"]
[WhiteElo "1942"]
[BlackElo "2094"]
[PlyCount "77"]
[EventDate "2016.07.23"]
[EventType "swiss"]
[EventRounds "8"]
[EventCountry "CAN"]

1. d4 d5 2. Bf4 Nf6 3. e3 c6 4. Nd2 g6 5. Be2 Bg7 6. h3 b6 7. Ngf3 Nbd7 8. O-O
Bb7 9. a4 O-O 10. c3 Re8 11. Ne5 Ne4 12. Nxe4 Nxe5 13. dxe5 dxe4 14. Qc2 Qc8
15. Rfd1 c5 16. Rd2 Rd8 17. Rad1 Rxd2 18. Qxd2 Bc6 19. Bb5 h6 20. Bxc6 Qxc6 21.
Qd7 Qxd7 22. Rxd7 g5 23. Bg3 e6 24. Kf1 Bf8 25. Ke2 a6 26. Rb7 b5 27. axb5 axb5
28. Rxb5 Ra1 29. f3 Rg1 30. Kf2 Rc1 31. fxe4 Rc2+ 32. Kf3 h5 33. Be1 g4+ 34.
hxg4 hxg4+ 35. Kxg4 Re2 36. Bh4 Rxe3 37. Bf6 Kh7 38. Rb8 Bh6 39. Rh8+ 1-0

[Event "Quebec op"]
[Site "Montreal CAN"]
[Date "2016.07.24"]
[Round "2.18"]
[White "Taborsky, Rostislav"]
[Black "Durette, Francis"]
[Result "0-1"]
[WhiteElo "2180"]
[BlackElo "1897"]
[PlyCount "72"]
[EventDate "2016.07.23"]
[EventType "swiss"]
[EventRounds "8"]
[EventCountry "CAN"]

1. d4 Nf6 2. c4 g6 3. Nc3 Bg7 4. e4 d6 5. Be2 O-O 6. Bg5 Nbd7 7. Qd2 e5 8. d5
Nc5 9. f3 Bd7 10. b4 Na4 11. Nxa4 Bxa4 12. Nh3 Bd7 13. Nf2 a6 14. O-O Qe8 15.
c5 Nh5 16. Be3 f5 17. cxd6 cxd6 18. Rfc1 Qd8 19. Nd1 Nf4 20. Bf1 fxe4 21. fxe4
Qg5 22. Nf2 Bh6 23. Kh1 Qh5 24. Rc7 Rf7 25. Kg1 Raf8 26. g3 Nxd5 27. Qxd5 Bxe3
28. Rxd7 Bxf2+ 29. Kh1 Bxg3 30. h3 g5 31. Rxb7 g4 32. Rxf7 Rxf7 33. Kg1 gxh3
34. Bc4 h2+ 35. Kg2 Qf3+ 36. Kh3 Bf2+ 0-1

[Event "Quebec op"]
[Site "Montreal CAN"]
[Date "2016.07.24"]
[Round "2.19"]
[White "Luksza, Arkadiusz"]
[Black "Nikulich, Oleksandr"]
[Result "1-0"]
[WhiteElo "2129"]
[BlackElo "1984"]
[PlyCount "79"]
[EventDate "2016.07.23"]
[EventType "swiss"]
[EventRounds "8"]
[EventCountry "CAN"]

1. d4 f5 2. g3 Nf6 3. Bg2 g6 4. Nd2 Bg7 5. c3 c6 6. Nh3 d6 7. Nf3 Ne4 8. Nhg5
Qb6 9. Qc2 Nxg5 10. Nxg5 Na6 11. O-O O-O 12. e4 e5 13. dxe5 Bxe5 14. Be3 Qc7
15. Rad1 Qe7 16. f4 Bf6 17. Rfe1 h6 18. Qb3+ Kg7 19. exf5 Bxf5 20. Bf2 Qd7 21.
Ne6+ Bxe6 22. Rxe6 d5 23. Rde1 b5 24. Bh3 Qb7 25. Qd1 Nc7 26. R6e2 Rae8 27. Bd4
Rxe2 28. Bxf6+ Rxf6 29. Qxe2 Na8 30. Qe8 Rf7 31. Be6 Rf8 32. Qd7+ Qxd7 33. Bxd7
Nb6 34. Bxc6 a6 35. Re7+ Rf7 36. Re5 Nc4 37. Rxd5 Nxb2 38. Rd6 Re7 39. Bd5 Na4
40. c4 1-0

[Event "Quebec op"]
[Site "Montreal CAN"]
[Date "2016.07.24"]
[Round "2.20"]
[White "Babb, Jeff"]
[Black "Jacquet, Stephane"]
[Result "0-1"]
[WhiteElo "2096"]
[BlackElo "1969"]
[PlyCount "122"]
[EventDate "2016.07.23"]
[EventType "swiss"]
[EventRounds "8"]
[EventCountry "CAN"]

1. f4 g6 2. Nf3 Bg7 3. e3 Nf6 4. Be2 O-O 5. O-O c5 6. d3 d6 7. c4 a6 8. Nc3 Nc6
9. Rb1 b5 10. cxb5 axb5 11. Nxb5 Rxa2 12. Na3 Qb6 13. Nc4 Qc7 14. Qb3 Ra8 15.
Bd2 Nd5 16. Ra1 Rb8 17. Qc2 Ndb4 18. Qc1 Bf5 19. e4 Bg4 20. Ra3 Bxf3 21. Bxf3
Nd4 22. Kh1 Rb5 23. Ne3 Nbc6 24. Bc3 Rfb8 25. Bd1 Qb7 26. Nc4 Nb3 27. Bxb3 Rxb3
28. Rxb3 Qxb3 29. Bxg7 Kxg7 30. Qc3+ Nd4 31. Qxb3 Rxb3 32. Rd1 h5 33. g3 Kf6
34. Kg2 e6 35. Rd2 Ke7 36. Kf2 f6 37. h3 d5 38. exd5 exd5 39. Ne3 Kd6 40. Ng2
Nc6 41. Nh4 Nb4 42. Ke2 g5 43. Nf5+ Kc6 44. fxg5 fxg5 45. h4 gxh4 46. gxh4 d4
47. Ng7 Nxd3 48. Rxd3 Rxb2+ 49. Rd2 Rb8 50. Nxh5 Rh8 51. Nf4 Rxh4 52. Nd3 c4
53. Ne5+ Kc5 54. Nf3 Re4+ 55. Kd1 d3 56. Rh2 Rf4 57. Rh3 Kb4 58. Ne5 Rf1+ 59.
Kd2 Rf2+ 60. Kd1 Kc3 61. Ke1 Re2+ 0-1

[Event "Quebec op"]
[Site "Montreal CAN"]
[Date "2016.07.24"]
[Round "2.22"]
[White "Nunez, Omar"]
[Black "Robichaud, Louis"]
[Result "1/2-1/2"]
[WhiteElo "1895"]
[BlackElo "2056"]
[PlyCount "100"]
[EventDate "2016.07.23"]
[EventType "swiss"]
[EventRounds "8"]
[EventCountry "CAN"]

1. f4 Nf6 2. e3 g6 3. b4 Bg7 4. Bb2 O-O 5. Nf3 d6 6. Be2 Nbd7 7. O-O e5 8. fxe5
Ng4 9. c4 Ngxe5 10. Nxe5 Nxe5 11. d4 Nd7 12. Bf3 c5 13. bxc5 dxc5 14. Qb3 Qg5
15. Nd2 cxd4 16. Ne4 Qxe3+ 17. Qxe3 dxe3 18. Bxg7 Kxg7 19. Nd6 Nc5 20. Rfe1 Be6
21. Rxe3 Rad8 22. Nxb7 Nxb7 23. Bxb7 Bxc4 24. Rc3 Be6 25. Rc7 Rd7 26. Rxd7 Bxd7
27. Rc1 Be6 28. Rc7 Bxa2 29. Bf3 a6 30. Rc6 a5 31. Ra6 Rb8 32. Rxa5 Rb2 33. h3
h5 34. Bd5 Bxd5 35. Rxd5 h4 36. Rd3 Kh6 37. Rf3 f5 38. Ra3 Kg5 39. Rf3 Kf6 40.
Rc3 Re2 41. Kf1 Re6 42. Kf2 Ra6 43. Rb3 g5 44. Kf3 Ra5 45. Re3 Ra4 46. Rb3 g4+
47. hxg4 fxg4+ 48. Ke3 Ra5 49. Kf4 Ra4+ 50. Ke3 Ra5 1/2-1/2

[Event "Quebec op"]
[Site "Montreal CAN"]
[Date "2016.07.24"]
[Round "2.23"]
[White "Goldner, John"]
[Black "Rodrigue-Lemieux, Shawn"]
[Result "0-1"]
[WhiteElo "1818"]
[BlackElo "2003"]
[PlyCount "168"]
[EventDate "2016.07.23"]
[EventType "swiss"]
[EventRounds "8"]
[EventCountry "CAN"]

1. e4 c5 2. Nf3 d6 3. d4 cxd4 4. Nxd4 Nf6 5. Nc3 Nc6 6. Bc4 e6 7. Be3 Be7 8.
Qe2 a6 9. Bb3 Qc7 10. O-O-O O-O 11. Rhg1 b5 12. g4 b4 13. Nxc6 Qxc6 14. Nd5
Nxd5 15. exd5 Qc7 16. g5 a5 17. Bc4 a4 18. Rd4 e5 19. Rh4 g6 20. Bd3 Rb8 21.
Rc4 Qd7 22. Rg3 Qb7 23. Rc6 Bd7 24. Be4 Bxc6 25. dxc6 Qb5 26. Qxb5 Rxb5 27. Bd3
Rbb8 28. Ba6 Bd8 29. Bb7 Bc7 30. Ba7 Rbe8 31. c3 bxc3 32. Rxc3 f6 33. gxf6 Rxf6
34. f3 Rf4 35. Ra3 Ref8 36. Rd3 Rxf3 37. Kc2 e4 38. Rd1 Kf7 39. Ba6 Ke7 40. Be2
Rh3 41. Bg1 a3 42. b4 e3 43. Rd3 Bb6 44. Rxa3 d5 45. Ra6 Rb8 46. b5 Kd6 47. a4
Kc5 48. c7 Bxc7 49. Rc6+ Kb4 50. Rxc7 Kxa4 51. Rd7 Rc8+ 52. Kb2 Rh4 53. Ra7+
Kb4 54. b6 Rb8 55. b7 Kc5 56. Bxe3+ Kc6 57. Ba6 Rxh2+ 58. Kc3 Ra2 59. Ra8 Rxa6
60. Rxb8 Ra3+ 61. Kd4 Ra4+ 62. Kd3 Ra3+ 63. Ke2 Rb3 64. Kd2 Rxb7 65. Rh8 Rf7
66. Rc8+ Kd7 67. Ra8 Ke6 68. Ra1 h5 69. Rg1 Rg7 70. Bd4 Rg8 71. Be3 Kf6 72.
Bg5+ Kf5 73. Kd3 Ra8 74. Kd4 Ra4+ 75. Kxd5 Rg4 76. Rxg4 Kxg4 77. Be3 Kf3 78.
Bg5 Kg3 79. Ke5 h4 80. Bf4+ Kf3 81. Bh2 g5 82. Kf5 g4 83. Kg5 g3 84. Bg1 h3 0-1

[Event "Quebec op"]
[Site "Montreal CAN"]
[Date "2016.07.24"]
[Round "2.25"]
[White "Johnson, Nicholas"]
[Black "Dube, Daniel"]
[Result "1-0"]
[WhiteElo "1992"]
[BlackElo "1678"]
[PlyCount "97"]
[EventDate "2016.07.23"]
[EventType "swiss"]
[EventRounds "8"]
[EventCountry "CAN"]

1. c4 e5 2. g3 Nf6 3. Bg2 c6 4. d4 exd4 5. Qxd4 d5 6. Nf3 dxc4 7. Qxc4 Be6 8.
Qc2 Bb4+ 9. Bd2 Bxd2+ 10. Nbxd2 O-O 11. O-O Qa5 12. Nb3 Qf5 13. Qxf5 Bxf5 14.
Nfd4 Be4 15. f3 Bd5 16. e4 Bxb3 17. Nxb3 Na6 18. Rfd1 Rfd8 19. Na5 Rxd1+ 20.
Rxd1 Rb8 21. Nxb7 Kf8 22. Rd8+ Rxd8 23. Nxd8 Nb8 24. Nb7 Ke7 25. Kf2 Nfd7 26.
f4 Nb6 27. b4 Na6 28. a3 Nb8 29. Na5 f6 30. Ke3 Kd6 31. Kd4 N8d7 32. Nb7+ Kc7
33. Nc5 Nxc5 34. Kxc5 Nd7+ 35. Kd4 Kd6 36. a4 g5 37. a5 h5 38. Bh3 gxf4 39.
gxf4 Nf8 40. Bf5 Ne6+ 41. Bxe6 Kxe6 42. Kc5 Kd7 43. e5 fxe5 44. fxe5 h4 45. e6+
Kxe6 46. Kxc6 a6 47. Kb6 Kd6 48. Kxa6 Kc7 49. h3 1-0

[Event "Quebec op"]
[Site "Montreal CAN"]
[Date "2016.07.24"]
[Round "2.26"]
[White "Lafleche, Alain"]
[Black "Forget, Luc"]
[Result "1/2-1/2"]
[WhiteElo "1749"]
[BlackElo "1986"]
[PlyCount "116"]
[EventDate "2016.07.23"]
[EventType "swiss"]
[EventRounds "8"]
[EventCountry "CAN"]

1. e4 c6 2. d4 d5 3. Nc3 dxe4 4. Nxe4 Nf6 5. Ng5 h6 6. N5f3 Bf5 7. Bc4 e6 8. c3
Nbd7 9. Ne2 Bd6 10. O-O Qc7 11. h3 O-O-O 12. a4 Nd5 13. b4 N7f6 14. Ba3 Kb8 15.
b5 c5 16. Qb3 Nb6 17. a5 Nxc4 18. Qxc4 cxd4 19. Qxc7+ Bxc7 20. Nexd4 Bg6 21.
Rfe1 Ne4 22. Bb2 e5 23. Ne2 f6 24. c4 Nc5 25. Ba3 Nb3 26. b6 axb6 27. axb6 Bxb6
28. Ra2 Nc5 29. Ng3 Rd3 30. Rea1 Rhd8 31. Rb2 Rd1+ 32. Rxd1 Rxd1+ 33. Kh2 Kc7
34. Rb5 Kc6 35. Nh4 Bd3 36. Ngf5 Bxc4 37. Rb4 Bb3 38. Nxg7 e4 39. Nhf5 Ba5 40.
Nd4+ Kd5 41. Rb5 Bc7+ 42. g3 Kxd4 43. Bxc5+ Kc4 44. Rxb7 Rd7 45. Bd4 Rxd4 46.
Rxc7+ Kd3 47. Nf5 Rd8 48. g4 Bd1 49. Rc6 h5 50. Ne3 Bf3 51. Rxf6 Ke2 52. Kg3
h4+ 53. Kxh4 Kxf2 54. Nf5 Rh8+ 55. Kg5 Rxh3 56. Re6 Rh8 57. Kf4 Rf8 58. Re5 e3
1/2-1/2

[Event "Quebec op"]
[Site "Montreal CAN"]
[Date "2016.07.24"]
[Round "3.4"]
[White "Tremblay, Alain"]
[Black "Hirschberg, Valerian"]
[Result "1/2-1/2"]
[WhiteElo "2044"]
[BlackElo "2329"]
[PlyCount "119"]
[EventDate "2016.07.23"]
[EventType "swiss"]
[EventRounds "8"]
[EventCountry "CAN"]

1. Nf3 Nf6 2. c4 c5 3. Nc3 g6 4. g3 Bg7 5. Bg2 O-O 6. O-O d5 7. cxd5 Nxd5 8. d4
Nxc3 9. bxc3 cxd4 10. cxd4 Nc6 11. e3 Be6 12. Bd2 Rc8 13. Qa4 Bd5 14. Rfc1 Be4
15. Bc3 Qd5 16. Ne1 Bxg2 17. Nxg2 e5 18. dxe5 Nxe5 19. Bxe5 Bxe5 20. Rab1 a6
21. Rd1 Qf3 22. Ne1 Qe2 23. Qe4 Bg7 24. a4 Rc4 25. Qf3 Qxf3 26. Nxf3 Rb8 27.
Rd7 Rxa4 28. Rbxb7 Rxb7 29. Rxb7 Ra1+ 30. Kg2 Bc3 31. Ng5 a5 32. Ra7 a4 33.
Nxf7 a3 34. Nd6 Bb4 35. Nc4 Bc5 36. Ra5 Bf8 37. Ra7 a2 38. Ne5 Be7 39. Nc6 Bc5
40. Ra5 Kf7 41. Nd4 Bxd4 42. exd4 g5 43. Ra6 g4 44. d5 Ke7 45. Re6+ Kd7 46. Ra6
h6 47. d6 h5 48. Ra7+ Kxd6 49. Ra6+ Kc5 50. Ra8 Kb4 51. Rb8+ Kc3 52. Rc8+ Kb2
53. Rb8+ Kc1 54. Rc8+ Kd2 55. Rd8+ Kc3 56. Rc8+ Kd4 57. Rd8+ Kc5 58. Ra8 Kb6
59. Ra3 Kb5 60. Ra8 1/2-1/2

[Event "Quebec op"]
[Site "Montreal CAN"]
[Date "2016.07.25"]
[Round "3.5"]
[White "Barbeau, Sylvain"]
[Black "Libersan, Thierry"]
[Result "1-0"]
[WhiteElo "2313"]
[BlackElo "2043"]
[PlyCount "125"]
[EventDate "2016.07.23"]
[EventType "swiss"]
[EventRounds "8"]
[EventCountry "CAN"]

1. Nf3 d5 2. c4 e6 3. g3 c6 4. b3 a5 5. Bb2 Nf6 6. Bg2 a4 7. Na3 Be7 8. O-O O-O
9. d3 Nbd7 10. Qc2 Bb4 11. Qc1 Qa5 12. Rd1 Re8 13. Nd4 Nc5 14. cxd5 exd5 15. h3
Qb6 16. Nac2 axb3 17. axb3 Rxa1 18. Qxa1 Na6 19. Nxb4 Nxb4 20. e3 c5 21. Nf3
Bf5 22. Ne1 h5 23. Bf1 Qe6 24. Bxf6 Qxf6 25. Qxf6 gxf6 26. Ra1 Re6 27. Ra5 b6
28. Ra8+ Kg7 29. h4 Re7 30. Be2 Bg6 31. Kf1 Rb7 32. f4 Nc6 33. Bf3 Nb4 34. Ke2
Re7 35. Kd2 Rc7 36. Be2 Re7 37. Ra1 Re8 38. Ra7 Kf8 39. Bf3 Kg7 40. Bd1 Kf8 41.
f5 Bxf5 42. Bxh5 Bg6 43. Be2 Kg7 44. Ng2 Nc6 45. Ra4 d4 46. e4 f5 47. exf5 Bxf5
48. Nf4 Nb4 49. Ra7 Re3 50. Rb7 Be6 51. Rxb6 Bxb3 52. g4 Re7 53. g5 Ra7 54. h5
Ra1 55. h6+ Kh7 56. Bf3 Ra2+ 57. Ke1 Nc2+ 58. Kf2 Ne3+ 59. Kg1 Ra1+ 60. Kh2
Ra2+ 61. Kh3 Be6+ 62. Nxe6 fxe6 63. Be4+ 1-0

[Event "Quebec op"]
[Site "Montreal CAN"]
[Date "2016.07.24"]
[Round "3.6"]
[White "Voskanyan, Vahagn"]
[Black "Poulin, Maurice"]
[Result "1-0"]
[WhiteElo "2208"]
[BlackElo "1954"]
[PlyCount "75"]
[EventDate "2016.07.23"]
[EventType "swiss"]
[EventRounds "8"]
[EventCountry "CAN"]

1. Nf3 g6 2. e4 Bg7 3. Nc3 d6 4. Bc4 c5 5. O-O Nc6 6. d3 e6 7. Re1 a6 8. a4
Nge7 9. Bg5 h6 10. Bd2 O-O 11. Qc1 Kh7 12. Ne2 d5 13. Bb3 b6 14. c3 Bb7 15. Bc2
Rc8 16. Ng3 Qc7 17. Qd1 Rfd8 18. Qe2 e5 19. h4 b5 20. axb5 axb5 21. h5 d4 22.
Bb3 Ng8 23. Bd5 Nf6 24. Bxc6 Qxc6 25. Nxe5 Qe6 26. hxg6+ fxg6 27. f4 Ra8 28.
Rxa8 Rxa8 29. cxd4 cxd4 30. Nxg6 Qb3 31. Ne7 Qxb2 32. e5 Ng8 33. Nxg8 Kxg8 34.
Nf5 h5 35. Rc1 Ra1 36. Rxa1 Qxa1+ 37. Kh2 Qa2 38. e6 1-0

[Event "Quebec op"]
[Site "Montreal CAN"]
[Date "2016.07.24"]
[Round "3.7"]
[White "Durette, Francis"]
[Black "Bolduc, Steve"]
[Result "1/2-1/2"]
[WhiteElo "1897"]
[BlackElo "2194"]
[PlyCount "26"]
[EventDate "2016.07.23"]
[EventType "swiss"]
[EventRounds "8"]
[EventCountry "CAN"]

1. e4 c5 2. Nf3 Nc6 3. d4 cxd4 4. Nxd4 e5 5. Nb5 a6 6. Nd6+ Bxd6 7. Qxd6 Qf6 8.
Qd1 Nge7 9. Be3 Qg6 10. Nc3 d5 11. exd5 Nb4 12. Bd3 Nxd3+ 13. Qxd3 Qxd3 1/2-1/2

[Event "Quebec op"]
[Site "Montreal CAN"]
[Date "2016.07.24"]
[Round "3.8"]
[White "Berube, Antoine"]
[Black "Gauthier, Denis"]
[Result "1-0"]
[WhiteElo "2129"]
[BlackElo "1832"]
[PlyCount "69"]
[EventDate "2016.07.23"]
[EventType "swiss"]
[EventRounds "8"]
[EventCountry "CAN"]

1. c4 e5 2. Nc3 Nc6 3. g3 f5 4. Bg2 Nf6 5. e3 Bb4 6. Nge2 O-O 7. O-O d6 8. d4
Bxc3 9. Nxc3 e4 10. f3 Qe7 11. fxe4 fxe4 12. a3 Bg4 13. Qc2 Rae8 14. Rf4 g5 15.
Nd5 Nxd5 16. Rxg4 Nf6 17. Rxg5+ Kh8 18. Rf5 Nd8 19. Bd2 Ne6 20. Bc3 Ng7 21. Rf4
Ne6 22. Rxf6 Rxf6 23. d5 Ng7 24. Bxf6 Qxf6 25. Rf1 Qg5 26. Rf4 Nh5 27. Rxe4 Rf8
28. Qc3+ Kg8 29. Qd4 Nf6 30. Rf4 b6 31. Bh3 h5 32. Rf5 Qg6 33. Qf4 Kh8 34. Bg2
Qg7 35. Bf3 1-0

[Event "Quebec op"]
[Site "Montreal CAN"]
[Date "2016.07.24"]
[Round "3.9"]
[White "Lopez Linares, Lizandro"]
[Black "Barre, Michel"]
[Result "1-0"]
[WhiteElo "1984"]
[BlackElo "1942"]
[PlyCount "115"]
[EventDate "2016.07.23"]
[EventType "swiss"]
[EventRounds "8"]
[EventCountry "CAN"]

1. d4 Nf6 2. Nf3 e6 3. c4 d5 4. Nc3 c6 5. Bg5 Nbd7 6. e3 Qa5 7. Nd2 Bb4 8. Qc2
O-O 9. Bxf6 Nxf6 10. Bd3 dxc4 11. Nxc4 Qc7 12. O-O b6 13. Ne4 Nxe4 14. Bxe4 g6
15. a3 Be7 16. Ne5 Bb7 17. Nxc6 Bxc6 18. Qxc6 Qxc6 19. Bxc6 Rac8 20. Bb7 Rc2
21. Rab1 Rb8 22. Ba6 b5 23. Rfc1 Rxc1+ 24. Rxc1 Rb6 25. Bc8 a5 26. Kf1 Kf8 27.
Bd7 Bd8 28. Rc5 b4 29. a4 Ke7 30. Bb5 h5 31. Ke2 Rb8 32. Kd3 Bb6 33. Rc6 Bd8
34. e4 Rb6 35. Rc8 Rb7 36. Bc4 Rd7 37. f4 Ra7 38. e5 Kd7 39. Rb8 Kc7 40. Rb5
Kd7 41. Ke4 Ke7 42. g3 Rd7 43. h3 Ra7 44. g4 hxg4 45. hxg4 Rd7 46. Rb8 Ra7 47.
f5 gxf5+ 48. gxf5 exf5+ 49. Kxf5 Bc7 50. Rh8 Bb6 51. d5 Bc5 52. d6+ Bxd6 53.
exd6+ Kxd6 54. Rf8 Kc5 55. Rxf7 Ra8 56. b3 Re8 57. Ra7 Kb6 58. Ra6+ 1-0